000 00838cab a2200265 4500
001 ABS55821
008 090401t1996 xxu||||| |||| 00| 0 eng d
035 _a(Sirsi) u18976
041 _aeng
100 _aTindale, J.
245 4 _aThe reclamation and afteruse of landfill sites
260 _c1996
350 _a0
490 _aWaste Planning
_v(20) September 1996, 25-26(2)
520 _aDemonstrates how high standards of landfill reclamation can be achieved through site assessment, selection of restoration materials, design of a restoration scheme and an effective aftercare scheme.
650 _aLANDFILL RECLAMATION
650 _aLANDFILL SITES
650 _aSITE ASSESSMENT
650 _aWASTE MANAGEMENT
690 _aLAND
700 _aMcRae, S.
700 _aParry, G.
942 _n0
948 _c04/03/1997
999 _c12626
_d12626